000 00362pab a2200157 454500
008 180718b2003 xxu||||| |||| 00| 0 eng d
100 _aSingh, Prakash
245 _aBanks: look before you leap:
260 _c2003
300 _ap.237-46.
362 _aAug
650 _aBanks - India
650 _aBanks
773 _aAsian Economic Review
909 _a58309
999 _c58309
_d58309